00560nam a2200157Ia 4500020001800000082002300018100001700041245005700058260003800115300000900153504002600162650005900188650004500247650006000292650005000352 a9789352621156 a305.42095694 AHU-C aAhuja, Seema 0aChanging status of Jewish Women in Israel: 1948-2000 aMumbaibHimalaya Publishingc2016 a211p aincluses bibliography aJewish womenvIsraelvSocial conditionsvz20th century aJewish womenvPolitical activityvIsrael aJewish womenvIsraelvEconomic conditionsv20th century aIsraelvPolitics and governmentv20th century